| 000 | 01327nam2a2200253 4500 | ||
|---|---|---|---|
| 001 | RU\NLR\BIBL_A\012720593 | ||
| 005 | 20250624131215.0 | ||
| 010 |
_a978-5-6044740-2-0 _9100 |
||
| 021 |
_aRU _b2021-76663 _9КН-П-6112 |
||
| 035 | _a(NLR Aleph) 012720593 | ||
| 090 |
_a12939997 _c12939997 |
||
| 100 | _a20220302d2021 |||y0rusy50 ca | ||
| 101 | 0 | _arus | |
| 102 | _aRU | ||
| 105 | _aac z 000ay | ||
| 200 | 0 |
_aВып. № 29 _fредакционная коллегия: главный редактор А. Г. Гребнев [и др.] |
|
| 210 |
_aПермь _cПермский писатель _d2021 |
||
| 215 |
_a147 с. _cил., портр. |
||
| 333 | _a16+ | ||
| 461 | 0 |
_1001RU\NLR\bibl\813154 _12001#$aЛитературная Пермь$eальманах писателей Пермского края$f[ред. совет: Виталий Богомолов и др.]$vВып. № 29 _91188394 _cПермь _d2004 _f[ред. совет: Виталий Богомолов и др.] _nПермская областная общественная организация Союза писателей России _oальманах писателей Пермского края _tЛитературная Пермь _vВып. № 29 |
|
| 942 | _cBOOK | ||
| 980 | _aNB | ||